1. Generation Pokemonarenaleiter - Statistiken

Allgemein
  • Dieses Quiz wurde 761 mal gespielt
  • Das Durchschnittsergebnis liegt bei 26 aus 32
Antwortstatistiken
Antworten % Korrekt
Rocko
98%
Misty
97%
Wasser
96%
Gestein
95%
Onix
94%
Elektro
93%
Feuer
93%
Pflanze
92%
Psycho
92%
Starmie
91%
Boden
89%
Raichu
89%
Gift
88%
Giovanni
87%
Simsala
86%
Giflor
84%
Sabrina
81%
Arkani
80%
Azuria City
78%
Rizeros
78%
Major Bob
77%
Erika
75%
Pyro
75%
Koga
74%
Vertania City
74%
Smogmog
70%
Marmoria City
67%
Orania City
62%
Fuchsania City
61%
Prismania City
61%
Saffronia city
61%
Zinnoberinsel
61%
Keine übereinstimmenden Quizze gefunden
Verteilung der Resultate
Anzahl Personen mit jedem Resultat
Perzentil nach korrekt beantworteten Fragen
Ihre Resultats-Entwicklung
Sie haben dieses Quiz noch nicht gespielt